[Event "FRA-chT"]
[Site "France"]
[Date "1999.??.??"]
[Round "1"]
[White "Moracchini, Fabrice"]
[Black "Guyard, Bertrand"]
[Result "1/2-1/2"]
[WhiteElo "2303"]
[BlackElo "2196"]
[PlyCount "69"]
[EventDate "1999.02.??"]
[EventType "team"]
[EventRounds "11"]
[EventCountry "FRA"]
[SourceTitle "EXT 2000"]
[Source "ChessBase"]
[SourceDate "1999.11.16"]
[SourceVersion "1"]
[SourceVersionDate "1999.11.16"]
[SourceQuality "1"]

1. d4 Nf6 2. Nf3 g6 3. c4 Bg7 4. Nc3 0-0 5. e4 d6 6. h3 e5 7. d5 Nh5 8. Nh2 a5 9. g3 Na6 10. Be2 Nf6 11. g4 Nc5 12. Qc2 Ne8 13. Rg1 Kh8 14. Nf3 f5 15. Bg5 Qd7 16. Be3 fxe4 17. Nxe4 Nxe4 18. Qxe4 Nf6 19. Qc2 c6 20. Rd1 cxd5 21. cxd5 Qe7 22. Ng5 Bd7 23. h4 Rfc8 24. Qb1 e4 25. Nh3 a4 26. Nf4 a3 27. g5 Nh5 28. Bxh5 gxh5 29. Nxh5 Bxb2 30. Bd4+ Bxd4 31. Rxd4 Qe5 32. Qd1 Rc3 33. Rg3 Rxg3 34. fxg3 e3 35. Qd3 1/2-1/2